Ordenanza 1-96 sobre evaluación educativa técnico profesional: propuesta de modificación (Record no. 9475)

MARC details
000 -LEADER
campo de control de longitud fija 00449nam a2200145Ia 4500
001 - NÚMERO DE CONTROL
campo de control 3115
008 - DATOS DE LONGITUD FIJA--INFORMACIÓN GENERAL
campo de control de longitud fija 241024s9999 xx 000 0 und d
082 ## - NÚMERO DE LA CLASIFICACIÓN DECIMAL DEWEY
Número de clasificación RD/352.14/R426o/1-96
100 ## - ENTRADA PRINCIPAL--NOMBRE DE PERSONA
Nombre de persona República Dominicana. Ministerio de Educación. MINERD
245 #0 - MENCIÓN DEL TÍTULO
Título Ordenanza 1-96 sobre evaluación educativa técnico profesional: propuesta de modificación
260 ## - PUBLICACIÓN, DISTRIBUCIÓN, ETC.
Nombre del editor, distribuidor, etc. Santo Domingo
590 ## - NOTA LOCAL (RLIN)
Nota local si
901 ## - ELEMENTOS DE DATOS A LOCAL LDA (RLIN)
a 8/8/2013 10:57:26 a.m.

No items available.

© 2024. Todos los Derechos Reservados. Desarrollado por IDEICE